| 000 | 00617nam a2200217 a 4500 | ||
|---|---|---|---|
| 005 | 20250307063819.0 | ||
| 008 | 040426s1992 mx r 000 0 spa d | ||
| 020 | _a0028740181 | ||
| 035 | _aUPN01000133120 | ||
| 049 | _aCG | ||
| 050 | 4 |
_aLB1590.3 _bP4.8 |
|
| 100 | 1 | _aPerkins, David | |
| 245 | 1 | 0 |
_aSmarts schools : _bbetter thinking and learning for every child / _cDavid Perkins. |
| 260 |
_aNew York : _bFree press, _cc1992. |
||
| 300 | _a262 p. | ||
| 440 | 0 | _aSmart schools | |
| 650 | 4 |
_aPensamiento _95399 |
|
| 650 | 4 |
_aPsicología del aprendizaje _95221 |
|
| 650 | 2 |
_aComprensión _97541 |
|
| 905 | _aLibro | ||
| 999 |
_c105273 _d105273 |
||